A magyar irodalom tanításának válsága II.

Elmentve itt :
Bibliográfiai részletek
Szerző: Csanády Sándor
Dokumentumtípus: Cikk
Megjelent: 1943
Sorozat:Nevelésügyi szemle 7 No. 1-2
Kulcsszavak:Magyar irodalom tanítása, Nevelésügy - Magyarország - 20. sz., Oktatásügy - Magyarország, Pedagógia - Magyarország - 20. sz.
Online Access:http://acta.bibl.u-szeged.hu/53519
LEADER 00704nab a2200169 i 4500
001 acta53519
005 20260224081030.0
008 180320s1943 hu o 000 hun d
040 |a SZTE Egyetemi Kiadványok Repozitórium  |b hun 
041 |a hun 
100 1 |a Csanády Sándor 
245 1 2 |a A magyar irodalom tanításának válsága II.  |h [elektronikus dokumentum] /  |c  Csanády Sándor 
260 |c 1943 
300 |a 7-17 
490 0 |a Nevelésügyi szemle  |v 7 No. 1-2 
695 |a Magyar irodalom tanítása, Nevelésügy - Magyarország - 20. sz., Oktatásügy - Magyarország, Pedagógia - Magyarország - 20. sz. 
856 4 0 |u http://acta.bibl.u-szeged.hu/53519/1/nev_szem_007_001_002_007-017.pdf  |z Dokumentum-elérés